Piazza Grande, Lucio Dalla - Testo Completo - Statistics

Statistiche generali
  • Questo quiz è stato fatto 37 volte
  • Il punteggio medio è 163 su 213
Statistiche sulle risposte
Testo % Corretto
a
100%
A
100%
di
95%
è
95%
e
95%
E
95%
grande
95%
i
95%
in
95%
me
95%
n'
95%
no
95%
piazza
95%
ce
90%
io
90%
l'
90%
mi
90%
non
90%
Qui
90%
qui
90%
anch'
86%
avrei
86%
Avrei
86%
bisogno
86%
carezze
86%
che
86%
come
86%
mio
86%
modo
86%
ho
81%
il
81%
la
81%
ne
81%
sull'
81%
Ma,
76%
Ma
76%
panchine
76%
Santi
76%
so,
76%
Sulle
76%
amore
71%
do
71%
pagano
71%
per
71%
pranzo
71%
se
71%
casa
67%
fame,
67%
mia
67%
quando
67%
Quanto
67%
te
67%
vita
67%
Con
62%
Dio
62%
innamorati
62%
le
62%
mercanti
62%
quel
62%
amici
57%
chi
57%
ci
57%
Dormo
57%
gente
57%
intorno
57%
pregare
57%
Rubo
57%
sbagliati
57%
sono
57%
donne
52%
erba
52%
generose
52%
Gli
52%
mai,
52%
mai
52%
molti
52%
morire
52%
più
52%
Tra
52%
Una
52%
Voglio
52%
amori
48%
cambierò
48%
Dei
48%
dei
48%
famiglia
48%
gatti
48%
guai,
48%
ha
48%
han
48%
loro
48%
propria
48%
sognare
48%
stelle
48%
tutto
48%
vera
48%
voluto
48%
briganti
43%
li
43%
padrone
43%
sarà
43%
bianche
38%
Lenzuola
38%
Attorno
33%
male
33%
meno
33%
prendo
33%
sogni,
33%
Sotto
33%
coprirci
29%
crede
19%
Nessun quiz corrispondente trovato
Distribuzione punteggi
Percentuale di utenti per punteggio
Percentile per numero di risposta
I tuoi punteggi nel tempo
Non hai fatto questo quiz